Automatické prekreslenie mayských glyfov pomocou konvolučných neurónových sietí

Enregistré dans:
Détails bibliographiques
Auteur principal: Urminský, Dominik (Auteur)
Autres auteurs: Bundzel, Marek (Directeur de thèse)
Format: Manuscrit Livre
Langue:slovaque
Publié: 2023
Sujets:
Accès en ligne:http://is.stuba.sk/zp/portal_zp.pl?podrobnosti=169865
Tags: Ajouter un tag
Pas de tags, Soyez le premier à ajouter un tag!

MARC

LEADER 00000ntm a22000003a 4500
001 stuzp94875
003 SK-STU
005 20230909223414.3
007 ta
008 150427s2015----xo-----f-mn---000-0-slo-d
040 |a STU  |b slo 
041 0 |a slo 
100 1 |a Urminský, Dominik  |u 070400  |4 aut  |U FIIT Fakulta informatiky a informačných technológií  |T FIIT Ústav počítačového inžinierstva a aplikovanej informatiky  |X 92163  |U I400  |Y 672  |7 92163 
242 0 1 |a Automatic redrawing of Mayan glyphs using convolutional neural networks  |y eng 
245 1 0 |a Automatické prekreslenie mayských glyfov pomocou konvolučných neurónových sietí 
260 |c 2023 
650 4 |a Mayské glyfy  |2 slo 
650 4 |a Konvolučné neurónové siete  |2 slo 
650 4 |a Prekreslenie  |2 slo 
650 4 |a Redrawing  |2 eng 
650 4 |a Maya glyphs  |2 eng 
650 4 |a Convolutional neural network  |2 eng 
700 1 |a Bundzel, Marek  |4 ths  |X 101057  |7 101057 
856 4 |u http://is.stuba.sk/zp/portal_zp.pl?podrobnosti=169865